Veo y leo : iniciación a la lectura y escritura : educación primaria : primer ciclo
Guardado en:
| Autor principal: | |
|---|---|
| Otros Autores: | |
| Formato: | Libro |
| Lenguaje: | español |
| Publicado: |
Barcelona :
Vicens Vives Primaria,
DL 1992
|
| Catálogo: | MANES: Resultados de Búsqueda del Catálogo |
| Clasificación de libros de texto: |
|
| Etiquetas: |
Agregar Etiqueta
Sin Etiquetas, Sea el primero en etiquetar este registro!
|
| Añadido a: | 2003-09-01 |
| Cambiado en: | 2025-05-07 |
MARC
| LEADER | 00000nam a2200000 a 4500 | ||
|---|---|---|---|
| 001 | .b1846827 | ||
| 003 | ES-BaCBU | ||
| 005 | 20250507130125.0 | ||
| 008 | 030902s1992 spca b| 000 ||spa|c | ||
| 561 | |5 es-CRAI |3 p1 TX EP 2/1 VIC |a España. Biblioteca Universitat de Barcelona |k MANES | ||
| 999 | |c 89342 |d 89342 | ||
| 017 | |a DL B. 820-1992 | ||
| 020 | |a 8431629487 |a 8431625260 | ||
| 035 | |a 8431629487 |a 0773-51560 | ||
| 040 | |a ES-BaCBU |b cat |c ES-BaCBU |d ES-BaUB | ||
| 100 | 1 | |a Betriu Gibert, Maria D. |q (Maria Dolores) |9 32216 | |
| 245 | 1 | 0 | |a Veo y leo : |b iniciación a la lectura y escritura : educación primaria : primer ciclo / |c Mª D. Betriu Gibert, C. Bujons Sampere, M. Fleck Bou |
| 260 | |a Barcelona : |b Vicens Vives Primaria, |c DL 1992 | ||
| 300 | |a 112 p.: |b principalment il. col. | ||
| 546 | |a España | ||
| 690 | 0 | |a EyL | |
| 691 | 0 | |a PRI | |
| 700 | 1 | |a Bujons Sampere, Carlota |9 32219 |a Fleck Bou, M. |9 32220 | |
| 856 | |y Registro en Cercabib - CRAI | ||
| 942 | |2 ddc |c BK | ||
| 999 | |c manes:89342 |d 89342 | ||